Harry Potter at Christmas Time - Statistics

General Stats
  • This quiz has been taken 760 times
  • The average score is 4 of 8
Answer Stats
Hint Answer % Correct
How many Christmas trees are in the Great Hall at Christmas? 12
83%
Who did Neville take to the Yule Ball? Ginny Weasley
78%
Who gave Dobby a pair of violet socks for Christmas in 1994? Ron Weasley
60%
What colour are Fred and Georges' Christmas jumpers? Blue
56%
How many people had Christmas Dinner at Hogwarts in Harry Potter and the Prisoner of Azkaban? 13
54%
Who was killed by a Devil's Snare Plant around Christmas in Harry Potter and the Order of the Phoenix? Broderick Bode
28%
What did Hagrid give Harry for Christmas in his 1st Year? Wooden Flute
26%
What did the necklace given to Ron by Lavender Brown in Harry Potter and the Half Blood Prince say? My Sweetheart
24%
No matching quizzes found
Score Distribution
Percent of People with Each Score
Percentile by Number Answered
Your Score History
You have not taken this quiz